000 00573nam a22001577a 4500
003 OSt
005 20150927170310.0
008 150927b xxu||||| |||| 00| 0 eng d
040 _cRUA
082 _aAGR NHU 2011 B050 Or.1
100 _91465
_aNHUK, KUSAL
_bNHUK, KUSAL
245 _aEffect of planting methods on growing of rubber tree, ឥទ្ធិពលនៃវិធីសាស្រ្តដាំដុះលើការលូតលាស់ដំណាំកៅស៊ូ
260 _aPhnom Penh
_bRUA
_c2011
300 _aix, 52p.
_bill.
_c29cm.
942 _2ddc
_cAGR
999 _c1376
_d1376